000 00414nam a22001697a 4500
003 MPLRDC
005 20220104125639.0
008 210129b ||||| |||| 00| 0 eng d
082 _a434.81 ZXX
100 _a朱惜荇编著
245 _a茶的故事
_c
260 _a
_b中华书局香港分局
_c1971
300 _b
490 _a中华文库
650 _a刺激料作物--茶
942 _cBK
_o434.81 ZXX
999 _c29026
_d29016